LDR 01207naa#a2200205#i#450# 001 RU\\bibl\19321 005 20260418174052.6 100 ## _a20260417b2026####ek#y0rusy0150####ca 102 ## _aRU 200 1# _aФИЗИЧЕСКАЯ КУЛЬТУРА КАК СРЕДСТВО ФОРМИРОВАНИЯ ГРАЖДАНСКОЙ ИДЕНТИЧНОСТИ И СОЦИАЛЬНЫХ ЦЕННОСТЕЙ МОЛОДЕЖИ В СОВРЕМЕННОЙ РОССИИ (НА ПРИМЕРЕ СТУДЕНЧЕСКОЙ МОЛОДЕЖИ ВОРОНЕЖА) _eСтатья/тезисы конференции 210 1# _aВоронеж _cВоронежский государственный лесотехнический университет имени Г.Ф. Морозова _d2026 215 ## _a8 с. 608 ## _aСтатья/тезисы конференции _2local 675 ## _aРоль физкультуры и спорта в воспитании и общем развитии личности. 796.011.1 _z 700 #1 _aАлехина _gО. В. 700 #1 _aСерищев _gА. В. 700 #1 _aГорлов _gД. О. 700 #1 _aВалиев _gС. К. 700 #1 _aКузнецов _gИван Васильевич 856 4# _abibl.vgltu.ru _u